| 000 | 00402nam a2200157 4500 | ||
|---|---|---|---|
| 001 | 108600 | ||
| 003 | ES-MaACL | ||
| 005 | 20230906184654.0 | ||
| 007 | t| | ||
| 008 | 061121s1961 sp r ||||1| spa d | ||
| 100 | 1 |
_aMonod, Martine. _982259 |
|
| 245 | 1 | 3 |
_aLa nube / _cMartine Monod. |
| 260 |
_aBarcelona : _bDiamante, _c1961. |
||
| 300 |
_a151 p. ; _c19 cm. |
||
| 852 |
_aES-MaACL _jC-20333 _bR.48965 |
||
| 999 |
_c108600 _d108600 |
||